Makroekonomická analýza 1990 Trendy a rizika

Saved in:
Bibliographic Details
Main Author: Klacek, J.
Format: Book
Language:Czech
Published: Praha Ekon. ústav ČSAV 1990
Edition:1. vyd.
Tags: Add Tag
No Tags, Be the first to tag this record!

MARC

LEADER 00000nam a2200000 4500
001 c023304
005 20221215120141.5
041 0 |a cze 
044 |a CZ 
245 1 0 |a Makroekonomická analýza 1990  |b Trendy a rizika  |c J. Klacek a kol. 
250 |a 1. vyd. 
264 1 |a Praha  |b Ekon. ústav ČSAV  |c 1990 
300 |a 54 s. 
100 1 |a Klacek, J.